[Event "World Youth & Cadets Blitz Championships"]
[Site "Rhodes, Greece"]
[Date "2022.05.03"]
[Round "6.31"]
[White "Hryzlova, Sofiia"]
[Black "Bordin, Silvia"]
[Result "0-1"]
[TimeControl "5'/game & 2\"/move"]
[WhiteElo "2021"]
[BlackElo "1552"]

1. d4 {[%clk 00:05:03]} {[%emt 00:00:01]} d5 {[%clk 00:05:03]} {[%emt
00:00:01]} 2. c4 {[%clk 00:05:03]} {[%emt 00:00:01]} e6 {[%clk 00:05:04]}
{[%emt 00:00:01]} 3. Nc3 {[%clk 00:05:04]} {[%emt 00:00:01]} c5 {[%clk
00:05:05]} {[%emt 00:00:01]} 4. cxd5 {[%clk 00:05:02]} {[%emt 00:00:04]} exd5
{[%clk 00:05:06]} {[%emt 00:00:01]} 5. Nf3 {[%clk 00:05:03]} {[%emt 00:00:02]}
Nc6 {[%clk 00:05:06]} {[%emt 00:00:01]} 6. g3 {[%clk 00:05:03]} {[%emt
00:00:02]} Nf6 {[%clk 00:05:06]} {[%emt 00:00:02]} 7. Bg2 {[%clk 00:05:01]}
{[%emt 00:00:04]} cxd4 {[%clk 00:05:07]} 8. Nxd4 {[%clk 00:05:01]} {[%emt
00:00:02]} Bc5 {[%clk 00:05:08]} {[%emt 00:00:01]} 9. Nb3 {[%clk 00:04:46]}
{[%emt 00:00:17]} Bb6 {[%clk 00:05:08]} {[%emt 00:00:02]} 10. Nxd5 {[%clk
00:04:12]} {[%emt 00:00:35]} Be6 {[%clk 00:05:05]} {[%emt 00:00:06]} 11. Nxb6
{[%clk 00:04:07]} {[%emt 00:00:07]} Qxd1+ {[%clk 00:04:54]} {[%emt 00:00:13]}
12. Kxd1 {[%clk 00:04:06]} {[%emt 00:00:03]} axb6 {[%clk 00:04:55]} {[%emt
00:00:02]} 13. Be3 {[%clk 00:03:59]} {[%emt 00:00:08]} Bxb3+ {[%clk 00:04:52]}
{[%emt 00:00:05]} 14. Kd2 {[%clk 00:03:56]} {[%emt 00:00:05]} Be6 {[%clk
00:04:53]} {[%emt 00:00:01]} 15. a3 {[%clk 00:03:53]} {[%emt 00:00:05]} O-O
{[%clk 00:04:53]} {[%emt 00:00:02]} 16. Bxb6 {[%clk 00:03:53]} {[%emt
00:00:03]} Nd5 {[%clk 00:04:49]} {[%emt 00:00:06]} 17. Bc5 {[%clk 00:03:45]}
{[%emt 00:00:09]} Rfd8 {[%clk 00:04:49]} {[%emt 00:00:02]} 18. Ke1 {[%clk
00:03:31]} {[%emt 00:00:15]} Rac8 {[%clk 00:04:42]} {[%emt 00:00:10]} 19. e4
{[%clk 00:03:19]} {[%emt 00:00:14]} Nf6 {[%clk 00:04:37]} {[%emt 00:00:07]} 20.
f4 {[%clk 00:03:06]} {[%emt 00:00:15]} Nd4 {[%clk 00:04:30]} {[%emt 00:00:09]}
21. Bxd4 {[%clk 00:02:51]} {[%emt 00:00:17]} Rxd4 {[%clk 00:04:30]} {[%emt
00:00:02]} 22. e5 {[%clk 00:02:42]} {[%emt 00:00:11]} Nd5 {[%clk 00:04:17]}
{[%emt 00:00:15]} 23. Bxd5 {[%clk 00:01:58]} {[%emt 00:00:46]} Bxd5 {[%clk
00:04:16]} {[%emt 00:00:03]} 24. Rf1 {[%clk 00:01:59]} {[%emt 00:00:01]} g6
{[%clk 00:04:11]} {[%emt 00:00:07]} 25. Rf2 {[%clk 00:01:58]} {[%emt 00:00:03]}
Bb3 {[%clk 00:04:02]} {[%emt 00:00:12]} 26. Kf1 {[%clk 00:01:49]} {[%emt
00:00:10]} Rcd8 {[%clk 00:03:58]} {[%emt 00:00:06]} 27. Kg2 {[%clk 00:01:35]}
{[%emt 00:00:16]} Rd2 {[%clk 00:03:58]} {[%emt 00:00:02]} 28. Raf1 {[%clk
00:01:34]} {[%emt 00:00:03]} Rxf2+ {[%clk 00:03:45]} {[%emt 00:00:15]} 29. Rxf2
{[%clk 00:01:34]} {[%emt 00:00:02]} Rc8 {[%clk 00:03:46]} {[%emt 00:00:01]} 30.
Kf3 {[%emt 00:00:13]} Rc2 {[%clk 00:03:45]} 31. Rxc2 {[%clk 00:01:25]} {[%emt
00:00:03]} Bxc2 {[%clk 00:03:45]} {[%emt 00:00:01]} 32. Ke3 {[%clk 00:01:25]}
{[%emt 00:00:02]} Kf8 {[%clk 00:03:46]} {[%emt 00:00:01]} 33. Kd4 {[%clk
00:01:26]} Ke7 {[%clk 00:03:45]} {[%emt 00:00:03]} 34. Kc5 {[%clk 00:01:26]}
{[%emt 00:00:02]} Ke6 {[%clk 00:03:43]} {[%emt 00:00:05]} 35. b4 {[%clk
00:01:20]} {[%emt 00:00:07]} Be4 {[%clk 00:03:41]} {[%emt 00:00:03]} 36. a4
{[%clk 00:01:20]} {[%emt 00:00:04]} f6 {[%clk 00:03:37]} {[%emt 00:00:05]} 37.
exf6 {[%clk 00:01:16]} {[%emt 00:00:06]} Kxf6 {[%clk 00:03:38]} {[%emt
00:00:01]} 38. b5 {[%clk 00:01:13]} {[%emt 00:00:05]} Kf5 {[%clk 00:03:39]}
{[%emt 00:00:01]} 39. h3 {[%clk 00:01:13]} {[%emt 00:00:03]} h5 {[%clk
00:03:20]} {[%emt 00:00:20]} 40. a5 {[%clk 00:01:10]} {[%emt 00:00:05]} h4
{[%clk 00:03:19]} {[%emt 00:00:02]} 41. gxh4 {[%clk 00:01:05]} {[%emt
00:00:08]} Kxf4 {[%clk 00:03:20]} {[%emt 00:00:02]} 42. h5 {[%clk 00:00:37]}
{[%emt 00:00:30]} gxh5 {[%clk 00:03:20]} {[%emt 00:00:01]} 43. Kd4 {[%clk
00:00:30]} {[%emt 00:00:10]} Bg2 {[%clk 00:03:18]} {[%emt 00:00:03]} 44. h4
{[%clk 00:00:28]} {[%emt 00:00:04]} Kg4 {[%clk 00:03:19]} 45. Ke3 {[%clk
00:00:29]} {[%emt 00:00:02]} Kxh4 {[%clk 00:03:18]} {[%emt 00:00:02]} 46. Kf4
{[%clk 00:00:30]} {[%emt 00:00:01]} Kh3 {[%clk 00:03:13]} {[%emt 00:00:07]} 0-1

[Event "World Youth & Cadets Blitz Championships"]
[Site "Rhodes, Greece"]
[Date "2022.05.03"]
[Round "6.32"]
[White "Lukasik, Zuzanna"]
[Black "Nurgali, Nazerke"]
[Result "0-1"]
[TimeControl "5'/game & 2\"/move"]
[WhiteElo "1621"]
[BlackElo "2016"]

1. e4 {[%clk 00:05:03]} c6 {[%clk 00:05:03]} {[%emt 00:00:01]} 2. d4 {[%clk
00:05:02]} {[%emt 00:00:02]} d5 {[%clk 00:05:04]} {[%emt 00:00:02]} 3. Nc3
{[%clk 00:05:03]} {[%emt 00:00:01]} dxe4 {[%clk 00:05:05]} {[%emt 00:00:01]} 4.
Nxe4 {[%clk 00:05:04]} {[%emt 00:00:02]} Nf6 {[%clk 00:05:05]} {[%emt
00:00:01]} 5. Ng3 {[%clk 00:05:03]} {[%emt 00:00:03]} g6 {[%clk 00:05:05]}
{[%emt 00:00:02]} 6. Nf3 {[%clk 00:05:03]} {[%emt 00:00:02]} Bg7 {[%clk
00:05:05]} {[%emt 00:00:02]} 7. Be2 {[%clk 00:04:51]} {[%emt 00:00:13]} Na6
{[%clk 00:05:05]} {[%emt 00:00:03]} 8. O-O {[%clk 00:04:47]} {[%emt 00:00:06]}
Nc7 {[%clk 00:05:05]} {[%emt 00:00:02]} 9. c4 {[%clk 00:04:34]} {[%emt
00:00:15]} O-O {[%clk 00:05:01]} {[%emt 00:00:06]} 10. h3 {[%clk 00:04:33]}
{[%emt 00:00:03]} b5 {[%clk 00:04:53]} {[%emt 00:00:11]} 11. b3 {[%clk
00:04:25]} {[%emt 00:00:10]} bxc4 {[%clk 00:04:48]} {[%emt 00:00:07]} 12. bxc4
{[%clk 00:03:47]} {[%emt 00:00:39]} c5 {[%clk 00:04:45]} {[%emt 00:00:06]} 13.
Be3 {[%clk 00:03:27]} {[%emt 00:00:21]} cxd4 {[%clk 00:04:38]} {[%emt
00:00:09]} 14. Bxd4 {[%clk 00:03:20]} {[%emt 00:00:09]} Bb7 {[%clk 00:04:22]}
{[%emt 00:00:19]} 15. Rb1 {[%clk 00:03:11]} {[%emt 00:00:10]} Qc8 {[%clk
00:03:57]} {[%emt 00:00:27]} 16. Qb3 {[%clk 00:02:41]} {[%emt 00:00:32]} Ba6
{[%clk 00:03:43]} {[%emt 00:00:16]} 17. Qe3 {[%clk 00:02:17]} {[%emt 00:00:24]}
Ne6 {[%clk 00:03:19]} {[%emt 00:00:28]} 18. Bxa7 {[%clk 00:01:46]} {[%emt
00:00:34]} Bxc4 {[%clk 00:02:14]} {[%emt 00:01:06]} 19. Rfc1 {[%clk 00:01:43]}
{[%emt 00:00:05]} Nd5 {[%clk 00:02:15]} {[%emt 00:00:02]} 20. Qa3 {[%clk
00:01:26]} {[%emt 00:00:17]} Qd7 {[%clk 00:02:04]} {[%emt 00:00:14]} 21. Bxc4
{[%clk 00:01:17]} {[%emt 00:00:12]} Rxa7 {[%clk 00:02:04]} {[%emt 00:00:02]} 22.
Qb3 {[%clk 00:00:49]} {[%emt 00:00:28]} Ndf4 {[%clk 00:01:54]} {[%emt
00:00:13]} 23. Rd1 {[%clk 00:00:45]} {[%emt 00:00:07]} Qc7 {[%clk 00:01:43]}
{[%emt 00:00:11]} 24. Rdc1 {[%clk 00:00:26]} {[%emt 00:00:22]} Qa5 {[%clk
00:01:41]} {[%emt 00:00:05]} 25. Qb6 {[%clk 00:00:17]} {[%emt 00:00:10]} Qxb6
{[%clk 00:01:35]} {[%emt 00:00:09]} 26. Rxb6 {[%clk 00:00:18]} {[%emt
00:00:01]} Rc8 {[%clk 00:01:26]} {[%emt 00:00:10]} 27. Rbb1 {[%clk 00:00:09]}
{[%emt 00:00:11]} Rac7 {[%clk 00:01:24]} {[%emt 00:00:04]} 28. Nd2 {[%clk
00:00:09]} {[%emt 00:00:03]} Nd4 {[%clk 00:01:17]} {[%emt 00:00:08]} 29. Kf1
{[%clk 00:00:07]} {[%emt 00:00:04]} Bh6 {[%clk 00:01:16]} {[%emt 00:00:03]} 30.
Ne2 {[%clk 00:00:05]} {[%emt 00:00:04]} Nfxe2 {[%clk 00:01:15]} {[%emt
00:00:03]} 31. Bxe2 {[%clk 00:00:03]} {[%emt 00:00:04]} Rxc1+ {[%clk 00:01:16]}
0-1

[Event "World Youth & Cadets Blitz Championships"]
[Site "Rhodes, Greece"]
[Date "2022.05.03"]
[Round "6.33"]
[White "Siekanska, Maria"]
[Black "Omonova, Umida"]
[Result "0-1"]
[TimeControl "5'/game & 2\"/move"]
[WhiteElo "1723"]
[BlackElo "1817"]

1. d4 {[%clk 00:05:03]} Nf6 {[%clk 00:05:04]} {[%emt 00:00:01]} 2. c4 {[%clk
00:05:04]} {[%emt 00:00:01]} e5 {[%clk 00:05:05]} 3. dxe5 {[%clk 00:05:05]} Ng4
{[%clk 00:05:07]} {[%emt 00:00:01]} 4. Bf4 {[%clk 00:05:04]} {[%emt 00:00:03]}
Nc6 {[%clk 00:05:05]} {[%emt 00:00:04]} 5. Nf3 {[%clk 00:05:04]} {[%emt
00:00:02]} Bb4+ {[%clk 00:05:03]} {[%emt 00:00:04]} 6. Nbd2 {[%clk 00:05:04]}
{[%emt 00:00:02]} Qe7 {[%clk 00:05:04]} {[%emt 00:00:01]} 7. e3 {[%clk
00:05:02]} {[%emt 00:00:03]} Ngxe5 {[%clk 00:05:05]} {[%emt 00:00:02]} 8. Nxe5
{[%clk 00:05:02]} {[%emt 00:00:02]} Nxe5 {[%clk 00:05:06]} {[%emt 00:00:01]} 9.
Be2 {[%clk 00:05:00]} {[%emt 00:00:04]} b6 {[%clk 00:04:45]} {[%emt 00:00:23]}
10. O-O {[%clk 00:04:55]} {[%emt 00:00:07]} Bb7 {[%clk 00:04:40]} {[%emt
00:00:07]} 11. Nf3 {[%clk 00:04:25]} {[%emt 00:00:32]} Bd6 {[%clk 00:03:39]}
{[%emt 00:01:03]} 12. Nxe5 {[%clk 00:03:43]} {[%emt 00:00:43]} Bxe5 {[%clk
00:03:40]} {[%emt 00:00:02]} 13. Bxe5 {[%clk 00:03:37]} {[%emt 00:00:08]} Qxe5
{[%clk 00:03:40]} {[%emt 00:00:02]} 14. Bg4 {[%clk 00:03:00]} {[%emt 00:00:39]}
d6 {[%clk 00:03:33]} {[%emt 00:00:09]} 15. Qa4+ {[%clk 00:02:57]} {[%emt
00:00:05]} Kf8 {[%clk 00:03:21]} {[%emt 00:00:14]} 16. Qc2 {[%clk 00:01:46]}
{[%emt 00:01:13]} h5 {[%clk 00:03:16]} {[%emt 00:00:07]} 17. Bd1 {[%clk
00:01:33]} {[%emt 00:00:14]} Qg5 {[%clk 00:03:11]} {[%emt 00:00:07]} 18. f4
{[%clk 00:01:34]} {[%emt 00:00:02]} Qe7 {[%clk 00:03:11]} {[%emt 00:00:02]} 19.
Qd2 {[%clk 00:01:28]} {[%emt 00:00:09]} h4 {[%clk 00:03:09]} {[%emt 00:00:04]}
20. Bf3 {[%clk 00:01:27]} {[%emt 00:00:02]} Bxf3 {[%clk 00:03:05]} {[%emt
00:00:06]} 21. Rxf3 {[%clk 00:01:27]} {[%emt 00:00:01]} Qe4 {[%clk 00:02:59]}
{[%emt 00:00:08]} 22. Qd5 {[%clk 00:01:20]} {[%emt 00:00:10]} Re8 {[%clk
00:02:52]} {[%emt 00:00:09]} 23. Rd1 {[%clk 00:01:08]} {[%emt 00:00:14]} Rh6
{[%clk 00:02:38]} {[%emt 00:00:16]} 24. Kf2 {[%clk 00:00:53]} {[%emt 00:00:17]}
Qc2+ {[%clk 00:02:29]} {[%emt 00:00:10]} 25. Rd2 {[%clk 00:00:49]} {[%emt
00:00:07]} Qb1 {[%clk 00:02:31]} 26. f5 {[%clk 00:00:34]} {[%emt 00:00:18]} h3
{[%clk 00:02:23]} {[%emt 00:00:10]} 27. Rxh3 {[%clk 00:00:21]} {[%emt
00:00:14]} Rxh3 {[%clk 00:02:24]} 28. gxh3 {[%clk 00:00:20]} {[%emt 00:00:03]}
Re5 {[%clk 00:02:18]} {[%emt 00:00:08]} 29. Qd3 {[%clk 00:00:21]} {[%emt
00:00:01]} Rxf5+ {[%clk 00:02:17]} {[%emt 00:00:03]} 30. Kg2 {[%clk 00:00:07]}
{[%emt 00:00:16]} Rg5+ {[%clk 00:02:18]} {[%emt 00:00:01]} 31. Kf3 {[%clk
00:00:07]} {[%emt 00:00:02]} Qh1+ {[%clk 00:02:18]} {[%emt 00:00:02]} 32. Kf4
{[%clk 00:00:07]} {[%emt 00:00:02]} Rg6 {[%clk 00:02:01]} {[%emt 00:00:18]} 33.
Qe2 {[%clk 00:00:07]} {[%emt 00:00:02]} Rf6+ {[%clk 00:01:58]} {[%emt
00:00:06]} 34. Kg3 {[%clk 00:00:06]} {[%emt 00:00:03]} Qg1+ {[%clk 00:01:59]}
{[%emt 00:00:01]} 35. Kh4 {[%clk 00:00:05]} {[%emt 00:00:03]} Rh6+ {[%clk
00:02:00]} {[%emt 00:00:01]} 0-1

[Event "World Youth & Cadets Blitz Championships"]
[Site "Rhodes, Greece"]
[Date "2022.05.03"]
[Round "6.34"]
[White "Starosta, Martyna"]
[Black "Aydin, Gulenay"]
[Result "1-0"]
[TimeControl "5'/game & 2\"/move"]
[WhiteElo "1707"]
[BlackElo "1429"]

1. e4 {[%clk 00:05:03]} c5 {[%clk 00:05:03]} {[%emt 00:00:01]} 2. Nf3 {[%clk
00:05:05]} d6 {[%clk 00:05:05]} {[%emt 00:00:01]} 3. d4 {[%clk 00:05:06]}
{[%emt 00:00:01]} cxd4 {[%clk 00:05:06]} {[%emt 00:00:01]} 4. Nxd4 {[%clk
00:05:07]} Nf6 {[%clk 00:05:07]} {[%emt 00:00:01]} 5. Nc3 {[%clk 00:05:08]}
{[%emt 00:00:01]} g6 {[%clk 00:05:08]} 6. Be3 {[%clk 00:05:08]} {[%emt
00:00:01]} Bg7 {[%clk 00:05:09]} {[%emt 00:00:01]} 7. f3 {[%clk 00:05:05]}
{[%emt 00:00:05]} a6 {[%clk 00:05:10]} {[%emt 00:00:01]} 8. Qd2 {[%clk
00:05:06]} {[%emt 00:00:01]} h5 {[%clk 00:05:10]} {[%emt 00:00:02]} 9. Be2
{[%clk 00:05:07]} {[%emt 00:00:02]} Nbd7 {[%clk 00:05:04]} {[%emt 00:00:07]} 10.
a4 {[%clk 00:05:07]} {[%emt 00:00:03]} b6 {[%clk 00:04:56]} {[%emt 00:00:09]}
11. O-O {[%clk 00:04:37]} {[%emt 00:00:32]} Bb7 {[%clk 00:04:55]} {[%emt
00:00:03]} 12. Rad1 {[%clk 00:04:16]} {[%emt 00:00:23]} Rc8 {[%clk 00:04:36]}
{[%emt 00:00:21]} 13. Kh1 {[%clk 00:03:57]} {[%emt 00:00:20]} Ne5 {[%clk
00:04:24]} {[%emt 00:00:15]} 14. b3 {[%clk 00:03:34]} {[%emt 00:00:25]} Qc7
{[%clk 00:03:41]} {[%emt 00:00:44]} 15. Nd5 {[%clk 00:03:30]} {[%emt 00:00:06]}
Nxd5 {[%clk 00:02:47]} {[%emt 00:00:56]} 16. exd5 {[%clk 00:03:31]} {[%emt
00:00:01]} O-O {[%clk 00:02:41]} {[%emt 00:00:08]} 17. c4 {[%clk 00:03:27]}
{[%emt 00:00:06]} Qd7 {[%clk 00:02:05]} {[%emt 00:00:39]} 18. Bh6 {[%clk
00:02:27]} {[%emt 00:01:01]} Rce8 {[%clk 00:01:48]} {[%emt 00:00:20]} 19. Qg5
{[%clk 00:02:10]} {[%emt 00:00:18]} Bf6 {[%clk 00:01:46]} {[%emt 00:00:05]} 20.
Qf4 {[%clk 00:01:55]} {[%emt 00:00:16]} Bg7 {[%clk 00:01:47]} {[%emt 00:00:02]}
21. Bxg7 {[%clk 00:01:38]} {[%emt 00:00:19]} Kxg7 {[%clk 00:01:48]} {[%emt
00:00:02]} 22. Bd3 {[%clk 00:01:33]} {[%emt 00:00:07]} Nxd3 23. Rxd3 {[%clk
00:01:34]} e5 {[%clk 00:01:20]} {[%emt 00:00:16]} 24. dxe6 {[%clk 00:01:35]}
{[%emt 00:00:02]} fxe6 {[%clk 00:01:21]} 25. Qg3 {[%clk 00:01:36]} e5 {[%clk
00:01:19]} {[%emt 00:00:04]} 26. Nc2 {[%clk 00:01:30]} {[%emt 00:00:07]} Rf6
{[%clk 00:00:45]} {[%emt 00:00:37]} 27. Rfd1 {[%clk 00:01:29]} {[%emt
00:00:03]} Qe7 {[%clk 00:00:38]} {[%emt 00:00:09]} 28. Ne3 {[%clk 00:00:48]}
{[%emt 00:00:43]} e4 {[%clk 00:00:24]} {[%emt 00:00:16]} 29. Rxd6 {[%clk
00:00:25]} {[%emt 00:00:25]} Rxd6 {[%clk 00:00:11]} {[%emt 00:00:15]} 30. Rxd6
{[%clk 00:00:26]} {[%emt 00:00:01]} Qf7 {[%clk 00:00:11]} {[%emt 00:00:02]} 31.
f4 {[%clk 00:00:22]} {[%emt 00:00:06]} Rf8 {[%clk 00:00:04]} {[%emt 00:00:09]}
32. f5 {[%clk 00:00:14]} {[%emt 00:00:09]} Kh8 {[%clk 00:00:04]} {[%emt
00:00:03]} 33. Rxg6 {[%clk 00:00:12]} {[%emt 00:00:05]} Qd7 {[%clk 00:00:04]}
{[%emt 00:00:02]} 34. Rh6+ {[%clk 00:00:12]} {[%emt 00:00:01]} Qh7 {[%clk
00:00:04]} {[%emt 00:00:02]} 35. Rxh7+ {[%clk 00:00:12]} {[%emt 00:00:02]} Kxh7
{[%clk 00:00:05]} 36. Qc7+ {[%clk 00:00:13]} {[%emt 00:00:01]} Kh6 {[%clk
00:00:04]} {[%emt 00:00:03]} 37. Qxb7 {[%clk 00:00:13]} {[%emt 00:00:01]} Rd8
{[%clk 00:00:04]} {[%emt 00:00:03]} 38. h3 {[%clk 00:00:14]} 1-0

[Event "World Youth & Cadets Blitz Championships"]
[Site "Rhodes, Greece"]
[Date "2022.05.03"]
[Round "6.35"]
[White "Chuchukova, Stefani"]
[Black "Maton, Emily"]
[Result "1-0"]
[TimeControl "5'/game & 2\"/move"]
[WhiteElo "1449"]
[BlackElo "1283"]

1. d4 {[%clk 00:05:03]} Nf6 {[%clk 00:05:04]} {[%emt 00:00:01]} 2. Nf3 {[%clk
00:05:04]} {[%emt 00:00:01]} g6 {[%clk 00:05:05]} {[%emt 00:00:01]} 3. Bg5
{[%clk 00:05:05]} Bg7 {[%clk 00:05:06]} {[%emt 00:00:01]} 4. c4 {[%clk
00:05:02]} {[%emt 00:00:05]} d5 {[%clk 00:05:06]} {[%emt 00:00:01]} 5. Nc3
{[%clk 00:05:00]} {[%emt 00:00:04]} O-O {[%clk 00:05:02]} {[%emt 00:00:06]} 6.
Bxf6 Bxf6 {[%clk 00:05:03]} 7. Nxd5 {[%clk 00:04:57]} {[%emt 00:00:02]} Bg7
{[%clk 00:05:03]} {[%emt 00:00:02]} 8. e3 {[%clk 00:04:55]} {[%emt 00:00:04]}
e6 {[%clk 00:05:00]} {[%emt 00:00:05]} 9. Nc3 {[%clk 00:04:56]} {[%emt
00:00:01]} c5 {[%clk 00:04:57]} {[%emt 00:00:05]} 10. Be2 {[%clk 00:04:52]}
{[%emt 00:00:06]} Nc6 {[%clk 00:04:57]} {[%emt 00:00:02]} 11. d5 {[%clk
00:04:38]} {[%emt 00:00:16]} exd5 {[%clk 00:04:49]} {[%emt 00:00:10]} 12. cxd5
{[%clk 00:04:39]} {[%emt 00:00:01]} Ne7 {[%clk 00:04:48]} {[%emt 00:00:03]} 13.
e4 {[%clk 00:04:36]} {[%emt 00:00:05]} f5 {[%clk 00:04:21]} {[%emt 00:00:29]}
14. e5 {[%clk 00:04:27]} {[%emt 00:00:11]} b6 {[%clk 00:04:04]} {[%emt
00:00:18]} 15. O-O {[%clk 00:04:17]} {[%emt 00:00:12]} Bb7 {[%clk 00:03:58]}
{[%emt 00:00:09]} 16. Bc4 {[%clk 00:04:16]} {[%emt 00:00:02]} Kh8 {[%clk
00:03:58]} {[%emt 00:00:03]} 17. Ng5 {[%clk 00:04:12]} {[%emt 00:00:06]} Qd7
{[%clk 00:03:33]} {[%emt 00:00:26]} 18. f4 {[%clk 00:03:47]} {[%emt 00:00:28]}
a6 {[%clk 00:03:18]} {[%emt 00:00:17]} 19. a4 {[%clk 00:03:46]} {[%emt
00:00:03]} Rad8 {[%clk 00:03:16]} {[%emt 00:00:04]} 20. Ne6 {[%clk 00:03:44]}
{[%emt 00:00:04]} Rde8 {[%clk 00:03:11]} {[%emt 00:00:07]} 21. Nxf8 {[%clk
00:03:43]} {[%emt 00:00:03]} Rxf8 {[%clk 00:03:12]} 22. Qe2 {[%clk 00:03:40]}
{[%emt 00:00:06]} Nxd5 {[%clk 00:02:52]} {[%emt 00:00:22]} 23. Nxd5 {[%clk
00:03:35]} {[%emt 00:00:06]} Bxd5 {[%clk 00:02:52]} {[%emt 00:00:02]} 24. Bxa6
{[%clk 00:03:25]} {[%emt 00:00:13]} Qc6 {[%clk 00:02:43]} {[%emt 00:00:11]} 25.
Bb5 {[%clk 00:03:23]} {[%emt 00:00:04]} Qe6 {[%clk 00:02:41]} {[%emt 00:00:04]}
26. Rad1 {[%clk 00:03:13]} {[%emt 00:00:12]} Bb3 {[%clk 00:02:22]} {[%emt
00:00:20]} 27. Rd6 {[%clk 00:03:09]} {[%emt 00:00:06]} Qe7 {[%clk 00:02:20]}
{[%emt 00:00:05]} 28. Rxb6 {[%clk 00:03:07]} {[%emt 00:00:04]} Qa7 {[%clk
00:02:18]} {[%emt 00:00:04]} 29. Ra6 {[%clk 00:03:01]} {[%emt 00:00:08]} Qb7
{[%clk 00:02:16]} {[%emt 00:00:03]} 30. Rd6 {[%clk 00:02:51]} {[%emt 00:00:13]}
Qa7 {[%clk 00:02:06]} {[%emt 00:00:12]} 31. Kh1 {[%clk 00:02:51]} {[%emt
00:00:01]} Bxa4 {[%clk 00:01:56]} {[%emt 00:00:13]} 32. Bxa4 {[%clk 00:02:37]}
{[%emt 00:00:16]} Qxa4 {[%clk 00:01:57]} {[%emt 00:00:01]} 33. h3 {[%clk
00:02:34]} {[%emt 00:00:05]} Re8 {[%clk 00:01:37]} {[%emt 00:00:22]} 34. Qd2
{[%clk 00:02:32]} {[%emt 00:00:04]} Qc4 {[%clk 00:01:21]} {[%emt 00:00:17]} 35.
Rd1 {[%clk 00:02:31]} {[%emt 00:00:03]} Bh6 {[%clk 00:00:58]} {[%emt 00:00:26]}
36. Rd8 {[%clk 00:02:28]} {[%emt 00:00:05]} Rxd8 {[%clk 00:00:37]} {[%emt
00:00:23]} 37. Qxd8+ {[%clk 00:02:28]} {[%emt 00:00:02]} Qg8 {[%clk 00:00:36]}
{[%emt 00:00:03]} 38. Qf6+ {[%clk 00:02:25]} {[%emt 00:00:05]} Bg7 {[%clk
00:00:32]} {[%emt 00:00:06]} 39. Qb6 {[%clk 00:02:21]} {[%emt 00:00:05]} Bf8
{[%clk 00:00:25]} {[%emt 00:00:10]} 40. Rd8 {[%clk 00:02:21]} {[%emt 00:00:02]}
Kg7 {[%clk 00:00:19]} {[%emt 00:00:08]} 41. Qf6+ {[%clk 00:02:21]} {[%emt
00:00:01]} Kh6 {[%clk 00:00:18]} {[%emt 00:00:04]} 42. Qxf8+ {[%clk 00:02:16]}
{[%emt 00:00:06]} Qxf8 {[%clk 00:00:18]} {[%emt 00:00:02]} 43. Rxf8 {[%emt
00:00:07]} 1-0